000 00906nam a2200253 a 4500
001 sjdsCFL422697
003 sjds
005 20251119022451.0
008 990714s1999 nyu b 000 1 spa d
020 _a0439071917 (pbk.)
020 _a9780439071918 (pbk.)
040 _aPWmBRO
_csjds
041 1 _aspa
_heng
100 1 _aZamorano, Ana.
245 1 2 _aA comer! /
_cescrito por Ana Zamorano ; ilustrado por Julie Vivas ; traducido por Susana Pasternac.
260 _aNew York :
_bScholastic,
_cc1999.
300 _a1 v. (unpaged) :
_bcol. ill. ;
_c25 cm.
520 _aEach day Antonio's Mama tries to get everyone to sit down together to eat, but someone is always busy elsewhere, until the family celebrates a new arrival.
650 1 _aDinners and dining
_vFiction.
650 1 _aFamily life
_vFiction.
650 1 _aSpaniards
_vFiction.
700 1 _aVivas, Julie,
_d1947-
_eill.
942 _cBK
999 _c21251
_d21251